Normal view
MARC view
Entry Topical Term
001 - CONTROL NUMBER
- control field: 27137
003 - CONTROL NUMBER IDENTIFIER
- control field: OSt
005 - DATE AND TIME OF LATEST TRANSACTION
- control field: 20210830163219.0
008 - FIXED-LENGTH DATA ELEMENTS
- fixed length control field: 210830|| aca||aabn | a|a d
040 ## - CATALOGING SOURCE
- Original cataloging agency: OSt
- Transcribing agency: OSt
150 ## - HEADING--TOPICAL TERM
- Topical term or geographic name entry element: Random coefficient overaggressive model, Local asymptotic, Predictive dentistry, Bubbles, , Flash crashes
670 ## - SOURCE DATA FOUND
- Source citation: Work cat.: (OSt): Banerjee, A. Chevillon, G. Kratz, M. 27136, Probabilistic forecasting of bubbles and flash crashes
